| 000 | 00623nam a2200193 i 4500 | ||
|---|---|---|---|
| 001 | 133941 | ||
| 003 | ES-MaACL | ||
| 005 | 20230906194550.0 | ||
| 007 | t| | ||
| 008 | 070904s1959 sp ||||1| spa d | ||
| 100 | 1 |
_aWallenstein, Anton. _9115960 |
|
| 245 | 1 | 0 |
_aGuía práctica de la perfección cristiana / _cAntonio Wallenstein ; [versión española por P. Juan Meseguer Fernández]. |
| 250 | _a2ª ed. | ||
| 260 |
_aBarcelona : _bHerder, _c1959. |
||
| 300 |
_a318 p. ; _c19 cm. |
||
| 650 |
_aPerfección cristiana. _9136680 |
||
| 700 | 1 |
_aMeseguer Fernández, Juan. _980658 |
|
| 852 |
_aES-MaACL _jC-18886 _bR.46459 |
||
| 999 |
_c133941 _d133941 |
||